MARC details
| 000 -CABECERA |
| campo de control de longitud fija |
01867cam a2200289 a 4500 |
| 001 - NÚMERO DE CONTROL |
| campo de control |
000009069 |
| 005 - FECHA Y HORA DE LA ÚLTIMA TRANSACCIÓN |
| campo de control |
20200929161459.0 |
| 008 - DATOS DE LONGITUD FIJA--INFORMACIÓN GENERAL |
| campo de control de longitud fija |
970829s1996 mx 001 e spa d |
| 020 ## - NÚMERO INTERNACIONAL ESTÁNDAR DEL LIBRO |
| Número Internacional Estándar del Libro |
9681903064 |
| 040 ## - FUENTE DE LA CATALOGACIÓN |
| Centro catalogador/agencia de origen |
DO-SdBNP |
| Centro/agencia transcriptor |
TFW |
| Centro/agencia modificador |
BNPHU |
| 082 ## - NÚMERO DE LA CLASIFICACIÓN DECIMAL DEWEY |
| Número de clasificación |
A860.44 |
| Número de documento/Ítem |
V831c |
| 049 ## - FONDOS LOCALES (OCLC) |
| Fondos de biblioteca |
BNGR |
| 245 00 - MENCIÓN DE TÍTULO |
| Título |
Visiones cortazarianas : |
| Resto del título |
historia, política y literatura hacia el fin del milenio / |
| Mención de responsabilidad, etc. |
Gabriel García Márquez...[et al] ; prólogo, Carlos Fuentes, cuidado de la edición, Enrique Mercado, Freja I. Cervantes, Guadalupe Tolosa. |
| 260 ## - PUBLICACIÓN, DISTRIBUCIÓN, ETC. |
| Lugar de publicación, distribución, etc. |
México, D. F. : |
| Nombre del editor, distribuidor, etc. |
Catedra lationoamericana Julio Cortázar ; |
| -- |
Nuevo siglo ; |
| -- |
Aguilar, |
| Fecha de publicación, distribución, etc. |
1996. |
| 300 ## - DESCRIPCIÓN FÍSICA |
| Extensión |
148 p. ; |
| Dimensiones |
22 cm. |
| 504 ## - NOTA DE BIBLIOGRAFÍA, ETC. |
| Nota de bibliografía, etc. |
Incluye referencias bibliográficas y notas al pie de las páginas |
| 504 ## - NOTA DE BIBLIOGRAFÍA, ETC. |
| Nota de bibliografía, etc. |
Incluye bibliografía (p. 78-81) |
| 505 ## - NOTA DE CONTENIDO CON FORMATO |
| Nota de contenido con formato |
Presentación / Raúl Padilla -- Prólogo / Carlos Fuentes -- Lección inaugural / Gabriel García Márquez -- Contradicciones al interior del nuevo orden mundial, una visión cortazariana / César Gaviria -- Julio Cortázar: gran cosmoargentino / Steven Boldy -- Ambigüedad de la identidad, fluctuación de la nación, avatares de lo mexicano a través de los siglos / Jacques Lafaye -- Entre Maastrich y Sarajevo / Pierre Schori -- Soberanía para qué? La evolución histórica de un concepto en México / Lorenzo Meyer -- Mito, historia y ficción / Tomás Eloy Martínez -- La reforma constitucional argentina de 1994 / Raúl Alfonsín. |
| 600 14 - PUNTO DE ACCESO ADICIONAL DE MATERIA--NOMBRE DE PERSONA |
| Nombre de persona |
CORTÁZAR, JULIO |
| Fechas asociadas al nombre |
1914-1984 |
| Subdivisión general |
CRÍTICA E INTERPRETACIÓN |
| 9 (RLIN) |
2944 |
| 651 #4 - PUNTO DE ACCESO ADICIONAL DE MATERIA--NOMBRE GEOGRÁFICO |
| Nombre geográfico |
América Latina |
| Subdivisión general |
Historia |
| 9 (RLIN) |
1786 |
| 651 #4 - PUNTO DE ACCESO ADICIONAL DE MATERIA--NOMBRE GEOGRÁFICO |
| Nombre geográfico |
Argentina |
| Subdivisión general |
Política Y Gobierno |
| 9 (RLIN) |
23711 |
| 700 1# - PUNTO DE ACCESO ADICIONAL--NOMBRE DE PERSONA |
| Nombre de persona |
Fuentes, Carlos, |
| Término indicativo de función/relación |
pról. |
| 9 (RLIN) |
17556 |
| 700 1# - PUNTO DE ACCESO ADICIONAL--NOMBRE DE PERSONA |
| Nombre de persona |
Mercado, Enrique, |
| Término indicativo de función/relación |
ed. |
| 9 (RLIN) |
23712 |
| 700 1# - PUNTO DE ACCESO ADICIONAL--NOMBRE DE PERSONA |
| Nombre de persona |
Cervantes, Freja I., |
| Término indicativo de función/relación |
ed. |
| 9 (RLIN) |
23713 |
| 700 1# - PUNTO DE ACCESO ADICIONAL--NOMBRE DE PERSONA |
| Nombre de persona |
Tolosa, Guadalupe, |
| Término indicativo de función/relación |
ed. |
| 9 (RLIN) |
23714 |
| 910 ## - DATOS DE OPCIÓN DEL USUARIO (OCLC) |
| Datos de opción del usuario |
Catalogación por copia / LC |